<?xml version="1.0" encoding="UTF-8"?>
<record
    xmlns:xsi="http://www.w3.org/2001/XMLSchema-instance"
    xsi:schemaLocation="http://www.loc.gov/MARC21/slim http://www.loc.gov/standards/marcxml/schema/MARC21slim.xsd"
    xmlns="http://www.loc.gov/MARC21/slim">

  <leader>00322nam a2200133Ia 4500</leader>
  <controlfield tag="008">150301s2014    xx            000 0 und d</controlfield>
  <datafield tag="082" ind1=" " ind2=" ">
    <subfield code="a">612</subfield>
    <subfield code="b">P2014J</subfield>
  </datafield>
  <datafield tag="100" ind1=" " ind2=" ">
    <subfield code="a">JAIN ,A.K</subfield>
  </datafield>
  <datafield tag="245" ind1=" " ind2=" ">
    <subfield code="a">TB OF PHYSIOLOGY</subfield>
  </datafield>
  <datafield tag="260" ind1=" " ind2=" ">
    <subfield code="b">AVICHAL PUBLISHING CO.</subfield>
    <subfield code="a">DELHI</subfield>
    <subfield code="c">2014</subfield>
  </datafield>
  <datafield tag="300" ind1=" " ind2=" ">
    <subfield code="a">1-611</subfield>
  </datafield>
  <datafield tag="650" ind1=" " ind2=" ">
    <subfield code="a">PHYSIOLOGY</subfield>
  </datafield>
  <datafield tag="942" ind1=" " ind2=" ">
    <subfield code="2">ddc</subfield>
    <subfield code="c">BK</subfield>
    <subfield code="0">22</subfield>
  </datafield>
  <datafield tag="952" ind1=" " ind2=" ">
    <subfield code="0">0</subfield>
    <subfield code="1">0</subfield>
    <subfield code="2">ddc</subfield>
    <subfield code="4">0</subfield>
    <subfield code="7">0</subfield>
    <subfield code="a">FD</subfield>
    <subfield code="b">FD</subfield>
    <subfield code="d">2015-07-02</subfield>
    <subfield code="e">ABC-DELHI</subfield>
    <subfield code="g">1280.00</subfield>
    <subfield code="h">1</subfield>
    <subfield code="i">SGTU</subfield>
    <subfield code="l">8</subfield>
    <subfield code="o">612 P2014J</subfield>
    <subfield code="p">FD7187</subfield>
    <subfield code="r">2026-01-14 00:00:00</subfield>
    <subfield code="s">2025-12-16</subfield>
    <subfield code="w">2015-06-05</subfield>
    <subfield code="y">BK</subfield>
    <subfield code="k">5698</subfield>
  </datafield>
  <datafield tag="952" ind1=" " ind2=" ">
    <subfield code="0">0</subfield>
    <subfield code="1">0</subfield>
    <subfield code="2">ddc</subfield>
    <subfield code="4">0</subfield>
    <subfield code="7">0</subfield>
    <subfield code="a">FD</subfield>
    <subfield code="b">FD</subfield>
    <subfield code="d">2015-07-02</subfield>
    <subfield code="e">ABC-DELHI</subfield>
    <subfield code="g">1280.00</subfield>
    <subfield code="h">1</subfield>
    <subfield code="i">SGTU</subfield>
    <subfield code="l">9</subfield>
    <subfield code="o">612 P14J</subfield>
    <subfield code="p">FD7188</subfield>
    <subfield code="r">2024-10-28 00:00:00</subfield>
    <subfield code="s">2024-10-28</subfield>
    <subfield code="w">2015-06-05</subfield>
    <subfield code="y">BK</subfield>
    <subfield code="k">5698</subfield>
  </datafield>
  <datafield tag="952" ind1=" " ind2=" ">
    <subfield code="0">0</subfield>
    <subfield code="1">0</subfield>
    <subfield code="2">ddc</subfield>
    <subfield code="4">0</subfield>
    <subfield code="7">0</subfield>
    <subfield code="a">FD</subfield>
    <subfield code="b">FD</subfield>
    <subfield code="d">2015-07-02</subfield>
    <subfield code="e">ABC-DELHI</subfield>
    <subfield code="g">1280.00</subfield>
    <subfield code="h">1</subfield>
    <subfield code="i">SGTU</subfield>
    <subfield code="l">1</subfield>
    <subfield code="o">612 P14J</subfield>
    <subfield code="p">FD7189</subfield>
    <subfield code="r">2023-09-27 00:00:00</subfield>
    <subfield code="s">2023-09-27</subfield>
    <subfield code="w">2015-06-05</subfield>
    <subfield code="y">BK</subfield>
    <subfield code="k">5698</subfield>
  </datafield>
  <datafield tag="952" ind1=" " ind2=" ">
    <subfield code="0">0</subfield>
    <subfield code="1">0</subfield>
    <subfield code="2">ddc</subfield>
    <subfield code="4">0</subfield>
    <subfield code="7">0</subfield>
    <subfield code="a">FD</subfield>
    <subfield code="b">FD</subfield>
    <subfield code="d">2015-07-02</subfield>
    <subfield code="e">ABC-DELHI</subfield>
    <subfield code="g">1280.00</subfield>
    <subfield code="h">1</subfield>
    <subfield code="i">SGTU</subfield>
    <subfield code="l">9</subfield>
    <subfield code="o">612 P14J</subfield>
    <subfield code="p">FD7190</subfield>
    <subfield code="r">2025-11-25 00:00:00</subfield>
    <subfield code="s">2025-11-14</subfield>
    <subfield code="w">2015-06-05</subfield>
    <subfield code="y">BK</subfield>
    <subfield code="k">5698</subfield>
  </datafield>
  <datafield tag="952" ind1=" " ind2=" ">
    <subfield code="0">0</subfield>
    <subfield code="1">0</subfield>
    <subfield code="2">ddc</subfield>
    <subfield code="4">0</subfield>
    <subfield code="7">0</subfield>
    <subfield code="a">FD</subfield>
    <subfield code="b">FD</subfield>
    <subfield code="d">2015-07-02</subfield>
    <subfield code="e">ABC-DELHI</subfield>
    <subfield code="g">1282.00</subfield>
    <subfield code="h">2</subfield>
    <subfield code="i">SGTU</subfield>
    <subfield code="l">2</subfield>
    <subfield code="o">612 P14J</subfield>
    <subfield code="p">FD7191</subfield>
    <subfield code="r">2025-04-19 00:00:00</subfield>
    <subfield code="s">2025-04-17</subfield>
    <subfield code="w">2015-06-05</subfield>
    <subfield code="y">BK</subfield>
    <subfield code="k">5698</subfield>
  </datafield>
  <datafield tag="952" ind1=" " ind2=" ">
    <subfield code="0">0</subfield>
    <subfield code="1">0</subfield>
    <subfield code="2">ddc</subfield>
    <subfield code="4">0</subfield>
    <subfield code="7">0</subfield>
    <subfield code="a">FD</subfield>
    <subfield code="b">FD</subfield>
    <subfield code="d">2015-07-02</subfield>
    <subfield code="e">ABC-DELHI</subfield>
    <subfield code="g">1282.00</subfield>
    <subfield code="h">2</subfield>
    <subfield code="i">SGTU</subfield>
    <subfield code="l">0</subfield>
    <subfield code="o">612 P14J</subfield>
    <subfield code="p">FD7192</subfield>
    <subfield code="r">2015-07-02 00:00:00</subfield>
    <subfield code="w">2015-06-05</subfield>
    <subfield code="y">BK</subfield>
    <subfield code="k">5698</subfield>
  </datafield>
  <datafield tag="952" ind1=" " ind2=" ">
    <subfield code="0">0</subfield>
    <subfield code="1">0</subfield>
    <subfield code="2">ddc</subfield>
    <subfield code="4">0</subfield>
    <subfield code="7">0</subfield>
    <subfield code="a">FD</subfield>
    <subfield code="b">FD</subfield>
    <subfield code="d">2015-07-02</subfield>
    <subfield code="e">ABC-DELHI</subfield>
    <subfield code="g">1282.00</subfield>
    <subfield code="h">2</subfield>
    <subfield code="i">SGTU</subfield>
    <subfield code="l">2</subfield>
    <subfield code="o">612 P14J</subfield>
    <subfield code="p">FD7193</subfield>
    <subfield code="r">2024-05-21 00:00:00</subfield>
    <subfield code="s">2024-05-14</subfield>
    <subfield code="w">2015-06-05</subfield>
    <subfield code="y">BK</subfield>
    <subfield code="k">5698</subfield>
  </datafield>
  <datafield tag="952" ind1=" " ind2=" ">
    <subfield code="0">0</subfield>
    <subfield code="1">0</subfield>
    <subfield code="2">ddc</subfield>
    <subfield code="4">0</subfield>
    <subfield code="7">0</subfield>
    <subfield code="a">FD</subfield>
    <subfield code="b">FD</subfield>
    <subfield code="d">2015-07-02</subfield>
    <subfield code="e">ABC-DELHI</subfield>
    <subfield code="g">1282.00</subfield>
    <subfield code="h">2</subfield>
    <subfield code="i">SGTU</subfield>
    <subfield code="l">0</subfield>
    <subfield code="o">612 P14J</subfield>
    <subfield code="p">FD7194</subfield>
    <subfield code="r">2015-07-02 00:00:00</subfield>
    <subfield code="w">2015-06-05</subfield>
    <subfield code="y">BK</subfield>
    <subfield code="k">5698</subfield>
  </datafield>
  <datafield tag="999" ind1=" " ind2=" ">
    <subfield code="c">6924</subfield>
    <subfield code="d">6924</subfield>
  </datafield>
</record>
